Word Ladder: Water and Stuff Quiz Stats

 Plays Quiz Updated Aug 23, 2014

Support Sporcle.
Go Orange.
Score 0/20 Timer 02:00
0 Plays Today
Clue 4-Letter Word % Correct
Grains along the beachSAND
97%
Return a plane to the groundLAND
96.6%
Accidentally slide on wet surfaceSLIP
96.5%
Strike with palm of handSLAP
96.1%
Your outer coveringSKIN
95.2%
Front of lower legSHIN
94.7%
Leader in the VaticanPOPE
93.3%
SpokenSAID
93.2%
____ and seekHIDE
93%
Lose control of the tires in a carSKID
92.9%
Clue 4-Letter Word % Correct
A boatSHIP
91.8%
A section of a windowPANE
90%
The rising and falling of the seaTIDE
89.7%
Exchange one thing for anotherSWAP
89.1%
A type of roadwayLANE
87.3%
Propelled yourself through waterSWAM
85.8%
Go for a jaunt in the woodsHIKE
82.2%
A conduit for waterPIPE
81.7%
Corn breadPONE
81.2%
Type of fishPIKE
80.2%

Today's Daily Dose

You're not logged in!

Compare scores with friends on all Sporcle quizzes.
OR
Log In

From the Vault

NFL 4,000+ Yard Passers (2010s)

by Joshie_the_great

That's about 3,658 meters if you're from a country where "football" is a game played with one's feet.
Remove Ads.
Support Sporcle.
Get the best of Sporcle when you Go Orange. This ad-free experience offers more features, more stats, and more fun while also helping to support Sporcle. Thank you for becoming a member.

Show Comments

Extras

Top Quizzes Today


Score Distribution

Your Account Isn't Verified!

In order to create a playlist on Sporcle, you need to verify the email address you used during registration. Go to your Sporcle Settings to finish the process.

Report this User

Report this user for behavior that violates our Community Guidelines.

Details: